000
00329nam a22001457a 4500
008
230622b ||||| |||| 00| 0 eng d
020
_a
9781591474852
041
_a
eng
080
_a
159.9
082
_a
159.9CEC
100
_a
25
101
_a
PSI
245
_a
WHY AREN'T MORE WOMEN IN SCIENCE
_c
CECI .J .S
942
_2
udc
_c
BK
999
_c
60031
_d
60031